La protección fitosanitaria en plantaciones forestales y sistemas agroforestales en el departamento de Santander / (Registro nro. 5921)
[ vista simple ]
| 000 -CABECERA | |
|---|---|
| Campo de control | 01304nam a2200301 4500 |
| 005 - FECHA Y HORA DE LA ULTIMA TRANSACCION | |
| Campo de control | 20160628154343.0 |
| 008 - ELEMENTOS DE LONGITUD FIJA—INFORMACION GENERAL | |
| Campo de control | 160628s2006 ck ado||r|||| 00| 0 spa d |
| 020 ## - ISBN | |
| ISBN | 9789584413611 |
| 040 ## - FUENTE DE CATALOGACIÓN | |
| Agencia catalogadora original | CO-BoIAVH |
| Agencia transcriptora | CO-BoIAVH |
| 041 0# - IDIOMA | |
| Código de idioma para texto/pista de sonido o título separado | Español |
| 044 ## - PAÍS DE PUBLICACIÓN | |
| País de publicación | Colombia |
| 082 04 - NUMERO DE CLASIFICACION DECIMAL DEWEY | |
| Número de clasificación | 632.96 |
| Número del ítem | A18p |
| 100 1# - ASIENTO PRINCIPAL--NOMBRE PERSONAL | |
| Nombre personal | Acosta A., Alfonso E. |
| 9 (RLIN) | 72491 |
| 245 13 - MENCION DE TITULO | |
| Título | La protección fitosanitaria en plantaciones forestales y sistemas agroforestales en el departamento de Santander / |
| Mención de responsabilidad | Alfonso E. Acosta A. [y otros 6] |
| 260 ## - PUBLICACION, DISTRIBUCION, ETC. (PIE DE IMPRENTA) | |
| Lugar de publicación, distribución, etc. | Bucaramanga : |
| Nombre del editor, distribuidor, etc. | ICA : |
| -- | CDMB : |
| Fecha de publicación, distribución, etc. | 2006. |
| 300 ## - DESCRIPCION FISICA | |
| Extensión | 47 páginas : |
| Otros detalles físicos | ilustraciones a color, tablas y fotografías a color ; |
| Dimensiones | 24 x 17 cm. |
| 504 ## - NOTA DE BIBLIOGRAFIA, ETC. | |
| Nota de bibliografía | Incluye referencias bibliográficas. |
| 650 26 - ASIENTO SECUNDARIO DE MATERIA - TERMINO TEMATICO | |
| Término temático o nombre geográfico como elemento de entrada | Plantaciones forestales |
| Subdivisión general | Vigilancia de enfermedades |
| Subdivisión geográfica | Santander (Departamento, Colombia) |
| 9 (RLIN) | 72492 |
| 650 26 - ASIENTO SECUNDARIO DE MATERIA - TERMINO TEMATICO | |
| Término temático o nombre geográfico como elemento de entrada | Vigilancia de enfermedades |
| Subdivisión general | sistemas agroforestales |
| Subdivisión geográfica | Santander (Departamento, Colombia) |
| 9 (RLIN) | 72493 |
| 650 26 - ASIENTO SECUNDARIO DE MATERIA - TERMINO TEMATICO | |
| Término temático o nombre geográfico como elemento de entrada | Árboles forestales |
| Subdivisión general | Problemas fitosanitarios |
| Subdivisión geográfica | Santander (Departamento, Colombia) |
| 9 (RLIN) | 72494 |
| 700 1# - ASIENTO SECUNDARIO - NOMBRE PERSONAL | |
| Nombre personal | Díaz F., Alfonso |
| 9 (RLIN) | 72495 |
| 700 1# - ASIENTO SECUNDARIO - NOMBRE PERSONAL | |
| Nombre personal | Hernandez C., Carolina |
| 9 (RLIN) | 72496 |
| 700 1# - ASIENTO SECUNDARIO - NOMBRE PERSONAL | |
| Nombre personal | Escobar M., Milagro León |
| 9 (RLIN) | 72497 |
| 700 1# - ASIENTO SECUNDARIO - NOMBRE PERSONAL | |
| Nombre personal | Mujica J., Jaime |
| 9 (RLIN) | 72498 |
| 700 1# - ASIENTO SECUNDARIO - NOMBRE PERSONAL | |
| Nombre personal | Pinto, Jorge Libardo |
| 9 (RLIN) | 72499 |
| 700 1# - ASIENTO SECUNDARIO - NOMBRE PERSONAL | |
| Nombre personal | Vargas R., Raúl |
| 9 (RLIN) | 72500 |
| 942 ## - ELEMENTOS ADICIONALES (KOHA) | |
| Tipo de ítem | Libro |
| Sistema de clasificación | Dewey Decimal Classification |
| Withdrawn status | Lost status | Sistema de Clasificación | Damaged status | No para préstamo | Colección | Inventariado | Ubicación Permanente | Ubicación actual | Fecha de adquisición | Fuente de Valor | Valor | Total Checkouts | Número topográfico | Inventario / Código de Barras | Date last seen | Ejemplar | Price effective from | Forma de adquisición | Tipo de material |
|---|---|---|---|---|---|---|---|---|---|---|---|---|---|---|---|---|---|---|---|
| Dewey Decimal Classification | General | Inventariado 2017 | Bogotá | Bogotá | 09/11/2007 | Instituto | 15000.00 | LB-632.96 A18p | 025441 | 04/12/2012 | Ej. 1 | 04/12/2012 | Donación | Libro |